00000000cam 2200000zi 4500
0019.955481
003CaOODSP
00520260603145941
006m     o  d f      
007cr |||||||||||
008250918t20252025onc     o    f000 0 eng d
020 |a9780660790343
040 |aCaOODSP|beng|erda|cCaOODSP
043 |an-cn---
0861 |aBT39-91/2025E-PDF
24500|aBetter accommodation project.
264 1|aOttawa, Ontario : |bTreasury Board of Canada Secretariat = Secrétariat du Conseil du trésor du Canada, |c2025.
264 4|c©2025
300 |a1 online resource (4 pages)
336 |atext|btxt|2rdacontent
337 |acomputer|bc|2rdamedia
338 |aonline resource|bcr|2rdacarrier
500 |aTitle from cover.
500 |aIssued also in French under title: Projet d'amélioration des mesures d'adaptation.
500 |a"Published: 2025-09-29."
650 0|aWork environment|xBarrier-free design|xGovernment policy|zCanada.
7101 |aCanada. |bTreasury Board, |eissuing body.
77508|tProjet d'amélioration des mesures d'adaptation.|w(CaOODSP)9.955482
85640|qPDF|s891 KB|uhttps://publications.gc.ca/collections/collection_2026/sct-tbs/BT39-91-2025-eng.pdf
8564 |qHTML|sN/A|uhttps://www.canada.ca/en/government/publicservice/wellness-inclusion-diversity-public-service/diversity-inclusion-public-service/accessibility-public-service/better-accommodation-project.html